000
00246nam a2200085Ia 4500
245
0
_a
Global business
100
_a
PENG, Mike W. Australia, 2009 International student ed
_9
77451
942
_c
BK
008
210817s9999 xx 000 0 und d
999
_c
264594
_d
264593